Animal navigators

Bibliographic Details
Main Author: Cherfas, Jeremy
Format: Book
Published: London : Cassell , 1991
Series:How animals behave
Subjects:

MARC

LEADER 00000cam a2200000 7i4500
001 0000005451
002 000005892
005 20060126.0
020 |a 0304319759 
090 0 0 |a 591.51   |b CHE 
100 1 |a Cherfas, Jeremy 
245 1 0 |a Animal navigators   |c Jeremy Cherfas 
260 |a London :   |b Cassell ,   |c 1991 
300 |a 32p :   |b Illust ;   |c 29 cm. 
490 0 |a How animals behave 
650 0 0 |a Animal navigation 
999 |a 024035   |b BUKU   |c JUNIOR BOOKS   |e PERPUSTAKAAN KOMUNITI PETALING JAYA